|
|
|
|
| LEADER |
00000nab a2200000 a 4500 |
| 001 |
vtls000040356 |
| 003 |
SK-MaSNL |
| 005 |
20260303023636.0 |
| 008 |
190108c1979 xo 0 slo |
| 015 |
|
|
|a SNBRB19rr/mm-uuuuu
|
| 035 |
|
|
|a CL0050451
|
| 040 |
|
|
|a SNKBUCL
|b slo
|c SNKBUCL
|e AACR2
|
| 041 |
0 |
|
|a slo
|
| 044 |
|
|
|a xo
|c SK
|
| 080 |
|
|
|a 331.88(437)
|2 1981
|
| 080 |
|
|
|a 37.03
|2 1981
|
| 100 |
1 |
|
|a Agonás, Ján
|4 aut
|9 1006658
|
| 245 |
1 |
0 |
|a Vzdelávanie členov ROH v Odborovom zväze pracovníkov školstva a vedy v učebnom roku 1978-79 a zabezpečenie učebného roku 1979-80
|c Ján Agonás
|
| 610 |
2 |
7 |
|a Revolučné odborové hnutie
|2 SNKKA
|9 36449
|
| 650 |
0 |
7 |
|a odborové zväzy pracovníkov školstva a vedy
|2 snkbucl
|9 944390
|
| 650 |
0 |
7 |
|a výchova ideovopolitická
|2 snkbucl
|9 1006659
|
| 655 |
|
7 |
|a články z novín a časopisov
|2 snkbucl
|9 267496
|
| 773 |
0 |
|
|t Učiteľské noviny
|g Roč. 29, č. 39 (27. 9. 1979), s. 5
|
| 850 |
|
|
|a Slovenská národná knižnica v Martine
|a MTA001
|
| 852 |
|
|
|a SNK
|b KIS3GCP
|
| 958 |
|
|
|a RK
|
| 992 |
|
|
|a RBX
|
| 999 |
|
|
|c 1635646
|d 1637576
|